Gaming Quiz

Random Gaming or Video Games Quiz

Vehicles of Grand Theft Auto IV Quiz Stats

 Plays Quiz not verified by Sporcle

Also try: Tekken Characters
Challenge
Share
Tweet
Embed
Score 0/154 Timer 20:00
0 Plays Today
Vehicle Class Vehicle % Correct
SupercarInfernus
91.1%
SupercarComet
91.1%
SupercarTurismo
89.3%
Sports CarBanshee
89.3%
Two-Door CarSabre
87.5%
SupercarSuperGT
85.7%
Muscle CarSabre GT
85.7%
SupercarBullet GT
80.4%
PolicePolice Cruiser
80.4%
MotorbikeNRG 900
80.4%
Sports CarFeltzer
78.6%
Sports CarSultan RS
78.6%
SedanSultan
78.6%
MotorbikeSanchez
78.6%
MotorbikeFreeway
78.4%
Muscle CarStallion
76.8%
Two-Door CarBlista Compact
76.8%
PickupBobcat
76.8%
HelicopterAnnihilator
76.8%
HelicopterMaverick
76.8%
People CarrierTaxi
76.8%
Muscle CarDukes
75%
Modern CarSentinel
75%
SupercarF620
73.2%
Sports CarCoquette
73.2%
Two-Door CarFuto
73.2%
SUVCavalcade
73.2%
SUVPatriot
73.2%
MotorbikeFaggio
73.2%
ServiceBus
73.2%
Executive/Luxury CarStretch
71.4%
PolicePolice Patrol
71.4%
PickupRancher
71.4%
ServiceAmbulance
71.4%
Heavy TruckFire Truck
71.4%
Heavy TruckPhantom
71.4%
Heavy TruckFlatbed
71.4%
MotorbikePCJ 600
71.4%
HelicopterPolice Maverick
71.4%
SedanAdmiral
71.4%
SedanWashington
71.4%
Heavy TruckYankee
71.4%
Muscle CarVigero
69.6%
Executive/Luxury CarOracle
69.6%
PoliceNOOSE Patriot
69.6%
PoliceFIB Buffalo
69.6%
VanPony
69.6%
ServiceEnforcer
69.6%
Heavy TruckBiff
69.6%
MotorbikeZombie
69.6%
ServiceAirTug
69.6%
VanMinivan
69.6%
Vehicle Class Vehicle % Correct
PoliceAPC
69.6%
MotorbikeVader
69.6%
Executive/Luxury CarPMP-600
67.9%
Modern CarPremier
67.9%
People CarrierPerennial
67.9%
SUVHuntley Sport
67.9%
PickupCavalcade FXT
67.9%
PickupContender
67.9%
VanBurrito
67.9%
VanMoonbeam
67.9%
Two-Door CarFaction
67.9%
PolicePolice Stinger
67.9%
Two-Door CarRuiner
66.1%
Executive/Luxury CarIntruder
66.1%
Sports CarSentinel XS
66.1%
Vintage CarManana
66.1%
People CarrierCabby
66.1%
SUVLandstalker
66.1%
VanSpeedo
66.1%
BoatJetmax
66.1%
HelicopterHelitours Maverick
66.1%
SedanWillard
66.1%
MotorbikeHexer
66.1%
SedanPresidente
64.3%
Executive/Luxury CarCognoscenti
64.3%
Vintage CarVoodoo
64.3%
Vintage CarVirgo
64.3%
People CarrierRebla
64.3%
ServicePolice Stockade
64.3%
SedanEmperor
64.3%
Heavy TruckMule
64.3%
PoliceNOOSE Cruiser
64.3%
ServiceRipley
64.3%
Two-Door CarUranus
64.3%
PolicePrison Bus
64.3%
PolicePolice Bike
64.3%
SedanFeroci
62.5%
Modern CarHakumai
62.5%
BoatTropic
62.5%
BoatSqualo
62.5%
SedanDilettante
62.5%
SedanPrimo
62.5%
Heavy TruckBenson
62.5%
Muscle CarBuccaneer
62.5%
Station WagonIngot
62.5%
ServiceTrashmaster
62.5%
MotorbikeHellfury
62.5%
BoatDinghy
62.5%
BoatTug
62.5%
MotorbikeBati 800
62.5%
Modern CarBuffalo
62.5%
MotorbikeAkuma
62.5%
Vehicle Class Vehicle % Correct
BoatFloater
62.5%
Executive/Luxury CarSuper Diamond
60.7%
Modern CarLokus
60.7%
Vintage CarPeyote
60.7%
People CarrierHabanero
60.7%
BoatPolice Predator
60.7%
SedanChavos
60.7%
SedanEsperanto
60.7%
Heavy TruckBoxville
60.7%
Station WagonSolair
60.7%
Station WagonStratum
60.7%
Heavy TruckPacker
60.7%
People CarrierRoman's Taxi
60.7%
ServiceTow Truck
60.7%
BoatReefer
60.7%
MotorbikeDouble T
60.7%
Two-Door CarFortune
58.9%
Executive/Luxury CarStretch E
58.9%
Station WagonRegina
58.9%
SedanVincent
58.9%
MotorbikeDaemon
58.9%
SedanDF8-90
57.1%
ServiceMr. Tasty
57.1%
SedanMarbelle
57.1%
BoatMarquis
57.1%
MotorbikeAngel
57.1%
Modern CarPinnacle
55.4%
VanLaundromat
55.4%
Executive/Luxury CarSuper Drop Diamond
53.6%
VanGang Burrito
53.6%
ServiceRomero (Hearse)
53.6%
MotorbikeWolfsbane
53.6%
People CarrierSerrano
53.6%
BoatBlade
51.8%
Muscle CarTampa
48.2%
VanSlamvan
48.2%
MotorbikeDouble T Custom
48.2%
MotorbikeBati Custom
48.2%
Two-Door CarRhapsody
46.4%
ServiceCaddy
46.4%
BoatSmuggler
46.4%
MotorbikeHakuchou
44.6%
MotorbikeLycan
42.9%
MotorbikeHakuchou Custom
42.9%
ServiceSecuircar
41.1%
MotorbikeInnovation
41.1%
MotorbikeNightblade
39.3%
MotorbikeWayfarer
33.9%
MotorbikeRevenant
26.8%
MotorbikeDiabolus
25%

You're not logged in!

Compare scores with friends on all Sporcle quizzes.
Join for Free
OR
Log In

You Might Also Like...

Show Comments

Extras

Top Quizzes Today


Score Distribution

Your Account Isn't Verified!

In order to create a playlist on Sporcle, you need to verify the email address you used during registration. Go to your Sporcle Settings to finish the process.

Report this User

Report this user for behavior that violates our Community Guidelines.

Details: